Random Telugu Words #2 - Statistics

General Stats
  • This quiz has been taken 109 times
  • The average score is 14 of 24
Answer Stats
Telugu English % Correct
Peruపేరు Name
89%
Manchi/Bagaబాగా Good
87%
Puvuపూవు Flower
80%
Kalluకళ్ళు Eyes
79%
Bashaబాషా Language
78%
Pakshiపక్షి Bird
74%
Cheppuచెప్పు Shoe/Tell
74%
Neeluనీళ్లు Water
73%
Cheyiచెయ్యి Hand
72%
Kuṭumbaṁకుటుంబం Family
70%
Dheyamదెయ్యం Ghost
68%
Santhakamసంతకం Signature
68%
Tupakiతుపాకీ Gun
61%
Mallipulluమల్లిపుళ్ళు Jasmine
56%
Mettuluమెత్తులు Stairs
55%
Onatariఒంటారి Alone
54%
Patnam/Nagaramపట్నం City
48%
Saynikuduసైనికుడు Soldier
46%
Yuddhamయుద్ధం Battle
45%
Sisaసీసా Bottle
37%
Pavaramపావురం Pigeon
29%
Chadaviచదవి Education
11%
Kanacambaramకనకాంబరం Firecracker Flower
7%
Boyukuబోయకు Bone
1%
No matching quizzes found
Score Distribution
Percent of People with Each Score
Percentile by Number Answered
Your Score History
You have not taken this quiz